Find the Pre-Movie Star’s TV Characters Quiz Stats

 Plays Quiz Updated Sep 3, 2018

Score 0/20 Timer 05:00
1 Play Today
% Correct
Rachel Green
Friends
95.3%
Mork
Mork & Mindy
93%
Woody Boyd
Cheers
88.9%
Marshall Eriksen
How I Met Your Mother
84.9%
Alex P. Keaton
Family Ties
81.6%
Andy Dwyer
Parks and Recreation
80.1%
Jackie Burkhart
That '70s Show
76.7%
Doug Ross
ER
76.4%
George Michael Bluth
Arrested Development
74.8%
Molly Flynn
Mike & Molly
74.7%
% Correct
Sydney Bristow
Alias
66.8%
Tommy Solomon
3rd Rock from the Sun
64.4%
Serena van der Woodson
Gossip Girl
60.8%
Ken Miller
Freaks and Geeks
59.4%
Jen Lindley
Dawson's Creek
59.4%
Joey Potter
Dawson's Creek
53.7%
Tom Hanson
21 Jump Street
52.5%
Amy Juergens
The Secret Life of the American Teenager
50.3%
Remy 'Thirteen' Hadley
House, M. D.
46.1%
Max Guevara
Dark Angel
28.7%

You're not logged in!

Compare scores with friends on all Sporcle quizzes.
OR
Log In

Sporcle TV

Today on Sporcle TV


Watch our educational content, quiz creation guides, and fun videos on Sporcle TV.

Show Comments

Extras

Top Quizzes Today


Score Distribution

Your Account Isn't Verified!

In order to create a playlist on Sporcle, you need to verify the email address you used during registration. Go to your Sporcle Settings to finish the process.

Report this User

Report this user for behavior that violates our Community Guidelines.

Details: